| 000 | 00777na a2200253 4500 | ||
|---|---|---|---|
| 001 | 20514 | ||
| 003 | MIRAKIL | ||
| 005 | 20181213154739.0 | ||
| 008 | 170123b tu 000 0 | ||
| 040 |
_aMilas _btur _cTR-AnCHP |
||
| 041 | _atur | ||
| 082 |
_a331.88082 _bK22 2009 |
||
| 090 | _a331.88082 K22 2009 | ||
| 245 |
_aKadınlar ve Sendikalar _cHazırlayan Eylem Ateş; çeviri Hülya Karaosmanoğlu |
||
| 260 |
_a[y.y.] _bHava-İş/Kadın Kitaplığı _c2009 |
||
| 300 |
_a159 s. _btbl. _c24 sm. |
||
| 504 | _aKaynakça var. | ||
| 650 |
_aÇalışma yaşamı _xToplumsal cinsiyet _yKadınlar |
||
| 650 |
_aİşçi sendikaları _xKadınlar |
||
| 650 |
_aSendikalar _xKadın işçiler |
||
| 700 | _aKaraosmanoğlu, Hülya | ||
| 700 | _aAteş, Eylem | ||
| 942 |
_2ddc _cBKS |
||
| 999 |
_c229 _d229 |
||